ბათუმის შოთა რუსთაველის სახელმწიფო უნივერსიტეტის ბიბლიოთეკა

კავკასიის რეგიონის ეკონომიკის პრიორიტეტები და ტენდენციები გლობალიზაციის ხანაში : (ბიბ.ჩანაწერი № 41676)

000 -ლიდერი
ფიქსირებული სიგრძის საკონტროლო ველი 02774nam a2200301Ia 4500
001 - საკონტროლო ნომერი
საკონტროლო ველი 8350
003 - საკონტროლო ნომრის იდენტიფიკატორი
საკონტროლო ველი GE_BSU
005 - ბოლო ოპერაციის თარიღი და დრო
საკონტროლო ველი 20240502130007.0
008 - ფიქსირებული სიგრძის მონაცემთა ელემენტები - ზოგადი ინფორმაცია
ფიქსირებული სიგრძის საკონტროლო ველი 181216s2013||||ge |||||||||||||| ||geo||
020 ## - წიგნის საერთაშორისო სტანდარტული ნომერი
International Standard Book Number 9789941221828
040 ## - კატალოგიზაციის წყარო
Transcribing agency GE_BSU
041 ## - ენის კოდი
Language code of text/sound track or separate title geo
080 ## - უნივერსალური ათობითი კლასიფიკაციის ინდექსი
Universal Decimal Classification number 332.142(479) გ–41
100 ## - მთავარი ჩანაწერი - პიროვნების სახელი
Personal name გეჩბაია, ბადრი
9 (RLIN) 22047
245 ## - ცნობა სათაურის შესახებ
Title კავკასიის რეგიონის ეკონომიკის პრიორიტეტები და ტენდენციები გლობალიზაციის ხანაში :
Remainder of title (კონკურენტუნარიანობა, პრობლემები, გამოწვევები, პერსპექტივები) /
Statement of responsibility, etc ბადრი გეჩბაია ; სამეცნ. რედ. გელა მამულაძე ; ბათუმის შოთა რუსთაველის სახელმწ. უნ-ტი, სოციალ. მეცნ., ბიზნ. და სამართალმცოდნ. ფაკ-ტი, ეკონ. პოლიტ. და ბიზნ. ადმინისტრირების დეპარტამენტი.
264 ## - წარმოების, გამოცემის, დისტრიბუციის და სხვა ცნობები
გამოცემის, წარმოების, დისტრიბუციის... ადგილი თბილისი :
გამოცემის, წარმოების, დისტრიბუციის... სახელწოდება უნივერსალი,
გამოცემის, წარმოების, დისტრიბუციის... თარიღი 2013.
300 ## - ფიზიკური აღწერა
Extent 264 გვ. :
Other physical details ცხრ., დიაგრ. ;
Dimensions 20 სმ.
500 ## - ზოგადი შენიშვნა
General note დანართები : გვ. 247-257
504 ## - BIBLIOGRAPHY, ETC. NOTE
Bibliography, etc ბიბლიოგრაფია ტექსტების შენიშვნებსა და გვ. : 237-246
520 ## - SUMMARY, ETC.
Summary, etc რეზიუმე რუსულ ენაზე
546 ## - LANGUAGE NOTE
Language note თავფურცელი მე-3 გვ. ინგლისურ ენაზე, მე-5 გვ. რუსულ ენაზე
653 ## - INDEX TERM--UNCONTROLLED
Uncontrolled term კავკასიის რეგიონის ეკონომიკის პრიორიტეტები და ტენდენციები გლობალიზაციის ხანაში
653 ## - INDEX TERM--UNCONTROLLED
Uncontrolled term ეკონომიკური ზრდა კავკასიაში
653 ## - INDEX TERM--UNCONTROLLED
Uncontrolled term ეკონომიკური ინტეგრაცია კავკასიაში
700 ## - ADDED ENTRY--PERSONAL NAME
Personal name მამულაძე, გელა
Relator term რედაქტორი
9 (RLIN) 22048
710 ## - ADDED ENTRY--CORPORATE NAME
Corporate name or jurisdiction name as entry element ბათუმის შოთა რუსთაველის სახელმწიფო უნივერსიტეტი
Subordinate unit სოციალ. მეცნ., ბიზნ. და სამართალმცოდნ. ფაკ-ტი, ეკონ. პოლიტ. და ბიზნ. ადმინისტრირების დეპარტამენტი.
9 (RLIN) 22049
942 ## - ADDED ENTRY ELEMENTS (KOHA)
Koha item type წიგნი
Source of classification or shelving scheme
ეგზემპლარები
ჩამოწერის სტატუსი დაკარგული ეგზემპლარის სტატუსი კლასიფიკაციის წყარო ან თაროზე გაწყობის სქემა დაზიანების სტატუსი არ გაიცემა მუდმივი მდებარეობა (დაცვის ადგილი) ამჟამინდელი ადგილსამყოფელი თაროზე განთავსების ადგილი შეძენის თარიღი სრული შენახვის შიფრი შტრიხკოდი ბოლო ოპერაციის თარიღი ეგზემპლარის მიმდევრობითი ნომერი (კეტერი?) ფასის ძალაში შესვლის თარიღი ეგზემპლარის სახეობა
          ბათუმის შოთა რუსთაველის სახელმწიფო უნივერსიტეტის მთავარი ბიბლიოთეკა ბათუმის შოთა რუსთაველის სახელმწიფო უნივერსიტეტის მთავარი ბიბლიოთეკა წიგნსაცავი 2018-12-17 332.142(479) გ–41 26718 2018-12-17 26718 2018-12-17 წიგნი
          ბათუმის შოთა რუსთაველის სახელმწიფო უნივერსიტეტის მთავარი ბიბლიოთეკა ბათუმის შოთა რუსთაველის სახელმწიფო უნივერსიტეტის მთავარი ბიბლიოთეკა წიგნსაცავი 2018-12-17 332.142(479) გ–41 26719 2018-12-17 26719 2018-12-17 წიგნი
          ბათუმის შოთა რუსთაველის სახელმწიფო უნივერსიტეტის მთავარი ბიბლიოთეკა ბათუმის შოთა რუსთაველის სახელმწიფო უნივერსიტეტის მთავარი ბიბლიოთეკა წიგნსაცავი 2018-12-17 332.142(479) გ–41 26720 2018-12-17 26720 2018-12-17 წიგნი
          ბათუმის შოთა რუსთაველის სახელმწიფო უნივერსიტეტის მთავარი ბიბლიოთეკა ბათუმის შოთა რუსთაველის სახელმწიფო უნივერსიტეტის მთავარი ბიბლიოთეკა წიგნსაცავი 2018-12-17 332.142(479) გ–41 26721 2018-12-17 26721 2018-12-17 წიგნი
          ბათუმის შოთა რუსთაველის სახელმწიფო უნივერსიტეტის მთავარი ბიბლიოთეკა ბათუმის შოთა რუსთაველის სახელმწიფო უნივერსიტეტის მთავარი ბიბლიოთეკა წიგნსაცავი 2018-12-17 332.142(479) გ–41 26722 2018-12-17 26722 2018-12-17 წიგნი